| 000 | 01400nam0a22003131 4500 | ||
|---|---|---|---|
| 001 | rc\3809733 | ||
| 005 | 20250530061158.0 | ||
| 021 |
_aRU _b[76-100348] |
||
| 035 | _a(NLR Aleph) 007264654 | ||
| 090 |
_a5344536 _c5344536 |
||
| 100 | _a20120329d1976 |||y0rusy50 ca | ||
| 101 | 0 | _arus | |
| 102 | _aRU | ||
| 105 | _aa z ||||| | ||
| 200 | 1 |
_aОб эффективности использования метода Фурье решения уравнения Пуассона при расчете траекторий пучка частиц с учетом пространственного заряда _fЮ.С. Дерендяев, Е.П. Жидков, Р.В. Полякова |
|
| 210 |
_aДубна _cОИЯИ _d1976 |
||
| 215 |
_a8 с. _cил. _d21 |
||
| 225 | 1 |
_aСообщения Объединенного института ядерных исследований _v11-10100 |
|
| 320 | _aСписок лит.: с. 8 (7 назв.) | ||
| 606 |
_aПуассона уравнение _xРешение на вычислительных машинах _2psbo |
||
| 606 |
_aЭлектроны _xПучки _xРасчет _2psbo |
||
| 700 | 1 |
_aДерендяев _bЮ.С. _gЮрий Сергеевич |
|
| 701 | 1 |
_aЖидков _bЕ.П. |
|
| 701 | 1 |
_aПолякова _bР.В. |
|
| 801 | 0 |
_aRU _bNLR _gpsbo |
|
| 801 | 1 |
_aRU _bELAR _2rusmarc |
|
| 852 |
_aNLR _jП11/2061 |
||
| 942 | _cBOOK | ||
| 980 | _aNB | ||